Proceedings of the 6th ACM SIGSPATIAL International Workshop on Location-based Recommendations, Geosocial Networks and Geoadvertising

Bibliografiske detaljer
Andre forfattere: Bouros
Format: Electronisk Bog
Sprog:English
Udgivet: Association for Computing Machinery (ACM), 11/1/22
Fag:
Online adgang:Full text available on Research4Life (ACM)
Classic Catalogue: View this record in Classic Catalogue
LEADER 00927cam a2200181 a 4500
001 AALConferenceProceedingsResearch4Life(ACM)009294
008 240908c9999 xx r poo 0 0eng d
020 |a 9781450395403 
040 |a BD-DhAAL  |c BD-DhAAL 
245 0 0 |h [electronic resource]  |a Proceedings of the 6th ACM SIGSPATIAL International Workshop on Location-based Recommendations, Geosocial Networks and Geoadvertising 
260 1 |b Association for Computing Machinery (ACM),  |c 11/1/22 
300 |a 1 online resource 
500 |a <strong>On-Campus Access Only (IP based access)</strong> 
506 |a Electronic access restricted to authorized BRAC University faculty, staff and students 
538 |a Mode of access: Internet 
655 7 |a Conference papers and proceedings.  |2 Library of Congress 
700 1 |a Bouros 
856 4 0 |z Full text available on Research4Life (ACM)  |u https://login.research4life.org/tacsgr1dl_acm_org/doi/book/10.1145/3557992